Armas pequeñas y livianas: una amenaza a la seguridad hemisférica /
Guardado en:
| Hovedforfatter: | |
|---|---|
| Format: | Bog |
| Sprog: | Spanish |
| Udgivet: |
San José, Costa Rica:
FLACSO,
sin fecha
|
| Tags: |
Tilføj Tag
Ingen Tags, Vær først til at tagge denne postø!
|
MARC
| LEADER | 00000nam a22000007a 4500 | ||
|---|---|---|---|
| 003 | cru CIDCACS/IIS | ||
| 005 | 20240703164232.0 | ||
| 008 | 240703bs.f cr ||||| |||| 00| 0 spa d | ||
| 020 | |a [Sin ISBN] | ||
| 040 | |a cru CIDCACS/IIS |b spa |c cru CIDCACS/IIS | ||
| 090 | |a 01.02.06 S127a | ||
| 100 | 1 | |a Sáenz Breckenridge, Stella |9 12216 | |
| 245 | 1 | |a Armas pequeñas y livianas: |b una amenaza a la seguridad hemisférica / |c Stella Sáenz Breckenridge |h [impreso] | |
| 260 | |a San José, Costa Rica: |b FLACSO, |c sin fecha | ||
| 300 | |a 6 páginas | ||
| 650 | 0 | 7 | |0 TESAUROS |2 TESAUROS |
| 942 | |2 z |c LI |h <script>document.querySelector('[id^="tag_090_subfield_a"]').value</script> |i 10790 |k 01.02.06 |m S127a |6 SCRIPTDOCUMENTQUERYSELECTORIDTAG_090_SUBFIELD_AVALUESCRIPT_10790 | ||
| 999 | |c 45860 |d 45860 | ||
